| 000 | 00482 a2200205 4500 | ||
|---|---|---|---|
| 001 | 138597 | ||
| 020 | _a9788508146680 | ||
| 040 | _cLeonardo Da Vinci | ||
| 041 | _aPortuguês | ||
| 082 |
_a028.5 P47m _bP47m |
||
| 100 | _aPENTEADO, Maria Heloisa | ||
| 245 | _aMaricá, Marilá e Maricolá | ||
| 250 | _a3.ed. | ||
| 260 |
_bÁtica _c2011 _aSão Paulo |
||
| 300 | _a63 | ||
| 362 | _a20110000 | ||
| 490 |
_aFuzuê _aFuzuê |
||
| 500 | _aBiblioteca Alphaville 2 | ||
| 942 | _cBK | ||
| 999 |
_c138597 _d138597 |
||